00344nam a2200121Ia 4500003000400000008004100004020002300045040000800068245008500076260003800161300001200199365001100211LDD181029s9999 xx 000 0 und d a8178296381c495.00 cLDD 0aReforming public services in India drawing lessons from successba world bank re aNew DelhibSage Publicaionsc2006 axxv, 93 b495.00